Immigration, trade, and the labor market (Record no. 128605)
[ view plain ]
| 000 -LEADER | |
|---|---|
| fixed length control field | 01995nam a2200445Ia 4500 |
| 245 00 - TITLE STATEMENT | |
| Title | Immigration, trade, and the labor market |
| 260 ## - PUBLICATION, DISTRIBUTION, ETC. (IMPRINT) | |
| Place of publication | Chicago : |
| Name of publisher | University of Chicago Press, |
| Year of publication | 1991. |
| 300 ## - PHYSICAL DESCRIPTION | |
| Number of Pages | viii, 432 p. : |
| Other physical details | ill. |
| 490 1# - SERIES STATEMENT | |
| Series statement | National Bureau of Economic Research project paper |
| 500 ## - GENERAL NOTE | |
| General note | "Papers presented at a conference held in Cambridge, Massachusetts, 11-12 September 1987"--Pref. |
| 650 #0 - SUBJECT ADDED ENTRY--TOPICAL TERM | |
| Topical Term | Foreign workers |
| Topical Term | Foreign workers |
| Topical Term | Foreign workers |
| Topical Term | Foreign trade and employment |
| Topical Term | Foreign trade and employment |
| Topical Term | Foreign trade and employment |
| Topical Term | Labor market |
| Topical Term | Labor market |
| Topical Term | Labor market |
| 700 1# - ADDED ENTRY--PERSONAL NAME | |
| Personal name | Abowd, John M. |
| Personal name | Freeman, Richard B. |
| 856 40 - ELECTRONIC LOCATION AND ACCESS | |
| Uniform Resource Identifier | http://site.ebrary.com/lib/rucke/Doc?id=10216919 |
No items available.
